Hệ thống hỗ trợ xử lý phân loại văn bản tiếng Việt. Phân hệ tách từ Tiếng Việt : Luận văn Thạc sĩ Công nghệ thông tin. Chuyên ngành: Hệ thống thông tin
Trình bày cơ sở lý thuyết về ngôn ngữ học, phân tích điểm giống và khác nhau giữa hai ngôn ngữ Trung Quốc và Việt Nam. Phân tích tổng quan các hướng tiếp cận và phương pháp tách từ của nhiều ngôn ngữ,......
Gorde:
| Egile nagusia: | |
|---|---|
| Formatua: | Liburua |
| Hizkuntza: | Undetermined |
| Argitaratua: |
Cần Thơ
Đại học Cần Thơ
2012
|
| Gaiak: | |
| Etiketak: |
Etiketa erantsi
Etiketarik gabe, Izan zaitez lehena erregistro honi etiketa jartzen!
|
| Thư viện lưu trữ: | Trung tâm Học liệu Trường Đại học Cần Thơ |
|---|
| LEADER | 01354nam a2200217Ia 4500 | ||
|---|---|---|---|
| 001 | CTU_179775 | ||
| 008 | 210402s9999 xx 000 0 und d | ||
| 082 | |a 006.35 | ||
| 082 | |b Th108 | ||
| 088 | |a 60480104 | ||
| 100 | |a Trương, Thanh Thảo | ||
| 245 | 0 | |a Hệ thống hỗ trợ xử lý phân loại văn bản tiếng Việt. Phân hệ tách từ Tiếng Việt : | |
| 245 | 0 | |b Luận văn Thạc sĩ Công nghệ thông tin. Chuyên ngành: Hệ thống thông tin | |
| 245 | 0 | |c Trương Thanh Thảo ; Trần Cao Đệ (Người hướng dẫn Khoa học) | |
| 260 | |a Cần Thơ | ||
| 260 | |b Đại học Cần Thơ | ||
| 260 | |c 2012 | ||
| 520 | |a Trình bày cơ sở lý thuyết về ngôn ngữ học, phân tích điểm giống và khác nhau giữa hai ngôn ngữ Trung Quốc và Việt Nam. Phân tích tổng quan các hướng tiếp cận và phương pháp tách từ của nhiều ngôn ngữ,... | ||
| 650 | |a Pattern recognition systems,Computer algorithms,Hệ thống nhận dạng hình mẫu,Thuật toán máy tính,Vietnamese language data processing,Xử lý dữ liệu tiếng Việt | ||
| 904 | |i Năm | ||
| 980 | |a Trung tâm Học liệu Trường Đại học Cần Thơ | ||